| 000 | 00999nam0a22002531 4500 | ||
|---|---|---|---|
| 001 | rc\231317 | ||
| 005 | 20250621010237.0 | ||
| 035 | _a(NLR Aleph) 005489835 | ||
| 090 |
_a5195412 _c5195412 |
||
| 100 | _a20030307d1990 |||y0rusy50 ca | ||
| 101 | 0 | _arus | |
| 102 | _aRU | ||
| 105 | _aa ||||||||| | ||
| 200 | 1 |
_aОсновы лесной пирологии _eТекст лекций _fП.Н. Львов, проф. д. с.-х. н., В.М. Барзут, к. б. н. _gГос. ком. РСФСР по делам науки и Высш. шк. Арханг. лесотехн. ин-т им. В.В. Куйбышева |
|
| 210 |
_aАрхангельск _cАЛТИ _d1990 |
||
| 215 |
_a58 с. _cил. _d20 |
||
| 320 | _aБиблиогр.: с. 57 | ||
| 700 | 1 |
_aЛьвов _bП.Н. _gПитирим Николаевич |
|
| 701 | 1 |
_aБарзут _bВ.М. _gВладимир Михайлович |
|
| 801 | 0 |
_aRU _bNLR _gpsbo |
|
| 801 | 1 |
_aRU _bELAR _2rusmarc |
|
| 852 |
_aNLR _j91-4/1311 |
||
| 942 | _cBOOK | ||
| 980 | _aNB | ||